000 00304nam a2200145Ia 4500
100 _aKyrnin/Jennifer
942 _cBK
366 _f20
654 _aBootstrap
245 _aTeach yourself Bootstrap 24 hours
260 _bPearson Education
_c2016
300 _a420
546 _aENGLISH
999 _c23012
_d23012